00778nam a2200229 i 4500001000700000003000900007005001700016007000300033008004100036020001800077080001900095100002400114245006500138260003600203300002800239490002100267700002600288830002900314852006400343999001900407952012200426105061ES-MaACL20230906183754.0t|060609s1970 xxk ||||1| eng d a0-510-33707-4 a821.111-21"15"1 aKyd, Thomas.96910114aThe Spanish tragedy / cThomas Kyd ; edited by J.R. Mulryne. aLondon : bErnest Benn, c1970. aXXXV, 138 p. ; c20 cm.1 aThe new mermaids1 aMulryne, J. R.9841611 aThe new mermaids92326834 aES-MaACLjE-11262 z- Biblioteca Jacinto Martínez Lacalle c105061d105061 00104070aATENEOMbATENEOMcDEPO2d2008-01-17eSCl0oE-11262p1109688r2023-02-23 00:00:00w2023-02-23yMONOGRAFIA